000
00193 a2200097 4500
020
_a
9781558855151
041
_a
spa
100
_a
Xavier Garza
245
_a
Zulema y la bruja lechuza
942
_c
BK
999
_c
7599
_d
7599